Poistenie

Salvato in:
Dettagli Bibliografici
Autore principale: Laučíková, Margita
Ente Autore: Vysoká škola ekonomická v Bratislave. Národohospodárska fakulta
Altri autori: Čejková, Viktória
Natura: Libro
Lingua:slovacco
Pubblicazione: Bratislava VŠE 1991
Edizione:1. vyd.
Tags: Aggiungi Tag
Nessun Tag, puoi essere il primo ad aggiungerne!!

MARC

LEADER 00000nam a2200000 4500
001 c022213
005 20221214094532.7
041 0 |a slo 
044 |a SK 
245 1 0 |a Poistenie  |c Margita Laučíková, Viktória Čejková 
250 |a 1. vyd. 
264 1 |a Bratislava  |b VŠE  |c 1991 
300 |a 184 s. 
100 1 |a Laučíková, Margita 
700 1 |a Čejková, Viktória 
710 2 |a Vysoká škola ekonomická v Bratislave. Národohospodárska fakulta